[Event "Piestany Slovakia op-B"]
[White "Celko, Tobias"]
[Black "Orvisky, Vladimir"]
[Site "Piestany"]
[Round "7"]
[Result "1/2-1/2"]
[Date "2023.07.17"]
[WhiteElo "1000"]
[BlackElo "1637"]
[PlyCount "116"]
[EventDate "2023.07.11"]
[EventType "swiss"]
[EventRounds "9"]
[EventCountry "SVK"]
[SourceTitle "EXT 2024"]
[Source "ChessBase"]
[SourceDate "2023.10.10"]
[SourceVersion "1"]
[SourceVersionDate "2023.10.10"]
[SourceQuality "1"]

1. e4 Nf6 2. Nc3 e5 3. Nf3 Nc6 4. Bb5 Nd4 5. Bc4 Bc5 6. d3 Qe7 7. 0-0 0-0 8. Bg5 c6 9. Rb1 b5 10. Bb3 a5 11. a3 Nxb3 12. cxb3 h6 13. Bh4 d6 14. d4 Bb6 15. Qd2 Bg4 16. dxe5 dxe5 17. Ne1 Rfd8 18. Qc2 g5 19. Bg3 Nh5 20. Kh1 Nxg3+ 21. fxg3 Qc5 22. Rc1 Rd6 23. Nd3 Qe3 24. Nxe5 Rd2 25. Nxg4 Rxc2 26. Nxe3 Rxc1 27. Rxc1 Bxe3 28. Rd1 Kf8 29. Rd6 Rc8 30. Rxh6 Kg7 31. Rd6 Rc7 32. Nd1 Bc5 33. Rd2 Re7 34. Re2 Rd7 35. Re1 Rd2 36. h3 Bd4 37. Ne3 Bxe3 38. Rxe3 Rxb2 39. Rc3 b4 40. axb4 axb4 41. Rxc6 Rxb3 42. Rb6 Rb1+ 43. Kh2 b3 44. g4 b2 45. Kg3 Re1 46. Rxb2 Rxe4 47. Rb6 Re3+ 48. Kf2 Re5 49. g3 f5 50. gxf5 Rxf5+ 51. Kg2 Kf7 52. Rb4 Kg6 53. h4 gxh4 54. gxh4 Rc5 55. Kh3 Kh5 56. Kg3 Rc3+ 57. Kg2 Rc2+ 58. Kf3 Rc3+ 1/2-1/2

[Event "Piestany Slovakia op-B"]
[White "Orvisky, Vladimir"]
[Black "Dubnicka, Ferdinand"]
[Site "Piestany"]
[Round "6"]
[Result "0-1"]
[Date "2023.07.16"]
[WhiteElo "1637"]
[BlackElo "1396"]
[PlyCount "162"]
[EventDate "2023.07.11"]
[EventType "swiss"]
[EventRounds "9"]
[EventCountry "SVK"]
[SourceTitle "EXT 2024"]
[Source "ChessBase"]
[SourceDate "2023.10.10"]
[SourceVersion "1"]
[SourceVersionDate "2023.10.10"]
[SourceQuality "1"]

1. c4 e5 2. Nc3 Nc6 3. g3 Nf6 4. Nf3 g6 5. Bg2 Bg7 6. 0-0 0-0 7. d4 d6 8. d5 Ne7 9. Bd2 Bg4 10. h3 Bf5 11. Kh2 h6 12. b4 Kh7 13. Rc1 b6 14. Ne1 e4 15. Nc2 Neg8 16. Ne3 Qc8 17. Nxf5 Qxf5 18. f3 exf3 19. Bxf3 Qe5 20. Bf4 Qe7 21. Qd3 Nd7 22. Bg2 Ne5 23. Qc2 Rae8 24. Rfe1 Nxc4 25. Nb5 Ne3 26. Qxc7 Nxg2 27. Kxg2 Qe4+ 28. Kh2 Be5 29. Bxe5 Qxe5 30. Qxa7 Qe3 31. Kg2 Re7 32. Qa3 Qe4+ 33. Qf3 Qxb4 34. Rb1 Qd2 35. Rbd1 Qb4 36. Rb1 Qc5 37. Qc3 Qxd5+ 38. Kh2 Rfe8 39. Rb2 Re3 40. Qc2 Qg5 41. Rg1 Rxe2+ 42. Qxe2 Rxe2+ 43. Rxe2 Qxb5 44. Rd2 d5 45. Rf2 Kg7 46. Rgf1 Qd7 47. Rb2 b5 48. Rfb1 Qa7 49. Rxb5 Qxa2+ 50. R1b2 Qc4 51. R5b4 Qf1 52. Rf4 Qd1 53. Rbf2 f5 54. Rf1 Qc2+ 55. R1f2 Qc7 56. Rb4 Nf6 57. Rfb2 Qe5 58. Rb7+ Kf8 59. Rb8+ Ne8 60. R8b7 d4 61. R7b5 Qe3 62. R5b3 d3 63. Kg2 Nd6 64. Rb8+ Ke7 65. R8b3 Ke6 66. Rb8 g5 67. R8b3 h5 68. Rb4 f4 69. gxf4 gxf4 70. Kf1 Qxh3+ 71. Kg1 Qe3+ 72. Kf1 h4 73. R4b3 Qc1+ 74. Kf2 d2 75. Rxd2 Qxd2+ 76. Kf1 Qd1+ 77. Kf2 Qxb3 78. Ke2 Qe3+ 79. Kf1 Qd2 80. Kg1 f3 81. Kf1 Qe2+ 0-1

[Event "Piestany Slovakia op-B"]
[White "Cocquyt, Tijs"]
[Black "Orvisky, Vladimir"]
[Site "Piestany"]
[Round "1"]
[Result "1/2-1/2"]
[Date "2023.07.11"]
[WhiteElo "2053"]
[BlackElo "1637"]
[PlyCount "91"]
[EventDate "2023.07.11"]
[EventType "swiss"]
[EventRounds "9"]
[EventCountry "SVK"]
[SourceTitle "EXT 2024"]
[Source "ChessBase"]
[SourceDate "2023.10.10"]
[SourceVersion "1"]
[SourceVersionDate "2023.10.10"]
[SourceQuality "1"]

1. e4 Nf6 2. e5 Nd5 3. Nc3 Nb6 4. d4 d6 5. f4 dxe5 6. fxe5 Nc6 7. Be3 Bf5 8. Nf3 e6 9. Bd3 Bg4 10. h3 Bh5 11. 0-0 Be7 12. Ne2 0-0 13. c3 Nd5 14. Bd2 f6 15. exf6 Bxf6 16. Qc2 h6 17. g4 Bf7 18. a3 e5 19. c4 Nf4 20. Bxf4 exf4 21. d5 Ne5 22. Nxe5 Bxe5 23. Nxf4 Qd6 24. Ng2 Rae8 25. Rf3 Bf6 26. Raf1 Qb6+ 27. Kh1 Qxb2 28. Qxb2 Bxb2 29. Rb1 Bxa3 30. Rxb7 Bd6 31. Rxa7 Ra8 32. Rxa8 Rxa8 33. Ne3 Ra1+ 34. Kg2 Ra2+ 35. Rf2 Ra3 36. Rd2 Bb4 37. Rd1 Be8 38. Nc2 Ra2 39. Ra1 Rxa1 40. Nxa1 Kf7 41. Kf3 Kf6 42. Nc2 Bc5 43. Ne3 h5 44. Ng2 hxg4+ 45. hxg4 g5 46. Ne3 1/2-1/2

[Event "SVK-chT4 A21 2223"]
[White "Fitak, Denis"]
[Black "Orvisky, Vladimir"]
[Site "Slovakia"]
[Round "9.2"]
[Result "0-1"]
[Date "2023.02.26"]
[WhiteElo "1468"]
[BlackElo "1637"]
[PlyCount "106"]
[EventDate "2022.10.09"]
[EventType "team-tourn"]
[EventRounds "11"]
[EventCountry "SVK"]
[SourceTitle "EXT 2024"]
[Source "ChessBase"]
[SourceDate "2023.10.10"]
[SourceVersion "1"]
[SourceVersionDate "2023.10.10"]
[SourceQuality "1"]
[WhiteTeam "Gbely Interchess"]
[BlackTeam "Piestany Kupele III"]
[WhiteTeamCountry "SVK"]
[BlackTeamCountry "SVK"]

1. c4 e5 2. Nc3 Nf6 3. d3 Nc6 4. Nf3 d5 5. cxd5 Nxd5 6. Bd2 Be7 7. g3 h6 8. Bg2 Be6 9. 0-0 Nb6 10. Qc2 0-0 11. a3 a5 12. Be3 Nd5 13. Bd2 Qc8 14. Nxe5 Nd4 15. Qd1 Nf6 16. Be3 Bb3 17. Qd2 Nc2 18. Rac1 Nxe3 19. Qxe3 Re8 20. Qd2 c6 21. Nf3 Bc5 22. Ne1 Qe6 23. Ne4 Nxe4 24. Bxe4 Bb6 25. Nc2 Rad8 26. Bf3 Qe5 27. Na1 Bd5 28. Rfe1 Bxf3 29. exf3 Qd5 30. f4 Rxe1+ 31. Rxe1 Qxd3 32. Re8+ Kh7 33. Rxd8 Qxd8 34. Qxd8 Bxd8 35. Nc2 c5 36. b3 b5 37. Kg2 Kg6 38. Kf3 Kf6 39. Ke4 Ke6 40. f5+ Kd6 41. g4 Bf6 42. Ne3 Bb2 43. a4 Kc6 44. h3 Bd4 45. f4 Bxe3 46. Kxe3 bxa4 47. bxa4 f6 48. h4 Kd5 49. Kd3 c4+ 50. Kc3 Kc5 51. h5 Kd5 52. g5 Kc5 53. Kc2 Kb4 0-1

[Event "SVK-chT3A2 2223"]
[White "Orvisky, Vladimir"]
[Black "Kollarik, Gorazd"]
[Site "Slovakia"]
[Round "4.6"]
[Result "0-1"]
[Date "2022.12.18"]
[WhiteElo "1603"]
[BlackElo "1694"]
[PlyCount "90"]
[EventDate "2022.10.16"]
[EventType "team-tourn"]
[EventRounds "9"]
[EventCountry "SVK"]
[SourceTitle "EXT 2024"]
[Source "ChessBase"]
[SourceDate "2023.10.10"]
[SourceVersion "1"]
[SourceVersionDate "2023.10.10"]
[SourceQuality "1"]
[WhiteTeam "Piestany Kupele II"]
[BlackTeam "Hlohovec"]
[WhiteTeamCountry "SVK"]
[BlackTeamCountry "SVK"]

1. c4 c5 2. Nf3 Nc6 3. d4 cxd4 4. Nxd4 Nf6 5. Nc3 e6 6. Nb3 d5 7. cxd5 exd5 8. e3 Be7 9. Be2 0-0 10. 0-0 Be6 11. Nd4 Rc8 12. Bf3 Nxd4 13. Qxd4 b6 14. Rd1 Rc4 15. Qd3 Qc7 16. Nxd5 Nxd5 17. Bxd5 Bxd5 18. Qxd5 Rd8 19. Qf3 Rxd1+ 20. Qxd1 Bf6 21. Rb1 Rc2 22. a4 g6 23. b3 Qc3 24. g3 Kg7 25. Ba3 Rd2 26. Qc1 Rc2 27. Qd1 Rd2 28. Qf3 Ra2 29. Bd6 Qc2 30. Rf1 Qxb3 31. Qa8 h5 32. Qf8+ Kh7 33. h4 Rxa4 34. Bf4 Bg7 35. Qe8 a5 36. Kg2 Ra1 37. Rxa1 Bxa1 38. e4 Bg7 39. Bd6 a4 40. Qe7 Qe6 41. Kf3 Qxe7 42. Bxe7 Bb2 43. Ke3 a3 44. Bxa3 Bxa3 45. Kd4 Bc5+ 0-1

[Event "Piestany Slovakia op-B"]
[White "Sevcik, Ondrej"]
[Black "Orvisky, Vladimir"]
[Site "Piestany"]
[Round "6"]
[Result "0-1"]
[Date "2022.07.15"]
[WhiteElo "1042"]
[BlackElo "1701"]
[PlyCount "86"]
[EventDate "2022.07.11"]
[EventType "swiss"]
[EventRounds "9"]
[EventCountry "SVK"]
[SourceTitle "CBM 209 Extra"]
[Source "ChessBase"]
[SourceDate "2022.09.30"]
[SourceVersion "1"]
[SourceVersionDate "2022.09.30"]
[SourceQuality "1"]

1. e4 Nf6 2. Nc3 d5 3. exd5 Nxd5 4. Bc4 Nb6 5. Bb3 Nc6 6. Nf3 Bg4 7. h3 Bh5 8. d3 Nd4 9. Bf4 Nxf3+ 10. gxf3 e6 11. Qe2 c6 12. 0-0-0 Qf6 13. Qe5 Qxe5 14. Bxe5 Bxf3 15. Rde1 Bxh1 16. Rxh1 Nd5 17. Nxd5 cxd5 18. Ba4+ Ke7 19. Bc3 f6 20. Rg1 Kf7 21. Bb3 a5 22. a3 b5 23. f4 b4 24. Bd2 Bc5 25. Rf1 g6 26. c4 dxc4 27. Bxc4 bxa3 28. bxa3 Bxa3+ 29. Kd1 Rhb8 30. Kc2 Rb2+ 31. Kc3 Rb7 32. Re1 Bb4+ 33. Kc2 Rb6 34. Rb1 Rab8 35. Re1 Bxd2 36. Kxd2 a4 37. Ra1 Ra8 38. d4 Rd6 39. Kd3 a3 40. Ke4 Ke7 41. d5 Ra4 42. Kd3 exd5 43. Re1+ Re6 0-1

[Event "Piestany Slovakia op-B"]
[White "Soucek, Andrej"]
[Black "Orvisky, Vladimir"]
[Site "Piestany"]
[Round "2"]
[Result "1-0"]
[Date "2022.07.12"]
[WhiteElo "1440"]
[BlackElo "1701"]
[PlyCount "69"]
[EventDate "2022.07.11"]
[EventType "swiss"]
[EventRounds "9"]
[EventCountry "SVK"]
[SourceTitle "CBM 209 Extra"]
[Source "ChessBase"]
[SourceDate "2022.09.30"]
[SourceVersion "1"]
[SourceVersionDate "2022.09.30"]
[SourceQuality "1"]

1. e4 Nf6 2. e5 Nd5 3. d4 d6 4. c4 Nb6 5. Nf3 Bg4 6. exd6 exd6 7. Be2 Be7 8. 0-0 0-0 9. Nc3 Nc6 10. b3 Bf6 11. Be3 Re8 12. Rc1 h6 13. Qd2 Qe7 14. Rfe1 Rad8 15. Nd5 Nxd5 16. cxd5 Nb8 17. Qa5 c6 18. Qxa7 cxd5 19. Qa5 Be6 20. Rc7 Rd7 21. Rec1 Nc6 22. Rxd7 Qxd7 23. Qd2 Bg4 24. a4 Re4 25. Rd1 Ne7 26. Qa5 Re6 27. h3 Bf5 28. Qb5 Nc6 29. Qxd5 Be4 30. Qc4 d5 31. Qc3 Qd6 32. Qc5 Qd7 33. Nd2 Be7 34. Qb5 Bf5 35. Bf3 1-0

[Event "Piestany Slovakia op-B"]
[White "Orvisky, Vladimir"]
[Black "Goncharenko, Anna"]
[Site "Piestany"]
[Round "1"]
[Result "1/2-1/2"]
[Date "2022.07.11"]
[WhiteElo "1701"]
[BlackElo "1000"]
[PlyCount "143"]
[EventDate "2022.07.11"]
[EventType "swiss"]
[EventRounds "9"]
[EventCountry "SVK"]
[SourceTitle "CBM 209 Extra"]
[Source "ChessBase"]
[SourceDate "2022.09.30"]
[SourceVersion "1"]
[SourceVersionDate "2022.09.30"]
[SourceQuality "1"]

1. c4 e5 2. Nc3 Bb4 3. Nf3 Bxc3 4. bxc3 Nc6 5. e4 d6 6. d4 f6 7. d5 Nce7 8. Be2 Bd7 9. 0-0 Ng6 10. Re1 Qe7 11. Be3 b6 12. a4 c5 13. a5 Rb8 14. Qb3 Nh6 15. axb6 Rxb6 16. Qa3 0-0 17. Qxa7 Rfb8 18. Nd2 Ng4 19. Bd1 f5 20. exf5 Bxf5 21. Qxe7 Nxe7 22. Bg5 Nf6 23. f4 Ng6 24. fxe5 Nxe5 25. Rf1 Bd3 26. Bxf6 gxf6 27. Rxf6 Rb2 28. Rf2 Nxc4 29. Nxc4 Rxf2 30. Kxf2 Bxc4 31. Bf3 Rb2+ 32. Ke3 Rc2 33. Ra8+ Kg7 34. Ra3 Kf6 35. Be4 Re2+ 36. Kf4 Rf2+ 37. Ke3 Re2+ 38. Kf4 Rf2+ 39. Kg3 Rd2 40. Bxh7 Bxd5 41. c4 Rxg2+ 42. Kh3 Rg7 43. Bd3 Be6+ 44. Kh4 Rg4+ 45. Kh5 Rg2 46. Kh4 Rxh2+ 47. Kg3 Rh3+ 48. Kg2 Ke5 49. Kf2 Kd4 50. Ra6 Ke5 51. Ke2 Rh2+ 52. Ke3 Rh6 53. Kd2 Bf5 54. Bxf5 Kxf5 55. Ke3 Ke5 56. Kd3 Rh3+ 57. Kc2 Kd4 58. Rxd6+ Kxc4 59. Rd8 Rh2+ 60. Kb1 Kc3 61. Rc8 c4 62. Ra8 Rh1+ 63. Ka2 Rh6 64. Kb1 Rb6+ 65. Kc1 Kb3 66. Rc8 c3 67. Kb1 Rb4 68. Kc1 Rc4 69. Rxc4 Kxc4 70. Kc2 Kd4 71. Kc1 Kc5 72. Kc2 1/2-1/2

[Event "SVK-chT4 A21 2122"]
[White "Hanzluvka, Peter"]
[Black "Orvisky, Vladimir"]
[Site "Slovakia"]
[Round "10.2"]
[Result "1-0"]
[Date "2022.03.13"]
[WhiteElo "1839"]
[BlackElo "1675"]
[PlyCount "96"]
[EventDate "2021.10.17"]
[EventType "team-tourn"]
[EventRounds "11"]
[EventCountry "SVK"]
[SourceTitle "EXT 2024"]
[Source "ChessBase"]
[SourceDate "2023.10.10"]
[SourceVersion "1"]
[SourceVersionDate "2023.10.10"]
[SourceQuality "1"]
[WhiteTeam "Brezova pod Bradlom"]
[BlackTeam "Piestany Kupele III"]
[WhiteTeamCountry "SVK"]
[BlackTeamCountry "SVK"]

1. e4 Nf6 2. e5 Nd5 3. d4 d6 4. c4 Nb6 5. f4 dxe5 6. fxe5 Nc6 7. c5 Nd5 8. Nc3 Bf5 9. a3 e6 10. Nf3 a6 11. Bg5 Be7 12. Bxe7 Ndxe7 13. Bc4 Bg4 14. 0-0 Nxd4 15. Qxd4 Bxf3 16. Qxd8+ Rxd8 17. Rxf3 0-0 18. Raf1 Ng6 19. Re3 Rd4 20. Bd3 Ne7 21. Be4 c6 22. Ne2 Rd2 23. b4 Nd5 24. Bxd5 exd5 25. Nf4 Re8 26. Rfe1 g5 27. Rd3 Rc2 28. Nh5 Re6 29. Nf6+ Kg7 30. Rh3 h6 31. Rg3 Rc4 32. Rf3 d4 33. Nd7 Rc3 34. Rd1 Rc4 35. Rfd3 Rc3 36. a4 Re7 37. Rxd4 Kg6 38. R1d3 Rxd3 39. Rxd3 Kf5 40. Rd6 h5 41. Kf2 Re6 42. Kf3 h4 43. Ke3 g4 44. Kd4 Rg6 45. h3 Rg7 46. Rf6+ Kg5 47. Nf8 Kh5 48. Ke4 Kg5 1-0

[Event "Piestany Slovakia op"]
[White "Orvisky, Vladimir"]
[Black "Jancicka, Viliam"]
[Site "Piestany"]
[Round "9"]
[Result "1-0"]
[Date "2021.07.18"]
[WhiteElo "1696"]
[BlackElo "1564"]
[PlyCount "86"]
[EventDate "2021.07.10"]
[EventType "swiss"]
[EventRounds "9"]
[EventCountry "SVK"]
[SourceTitle "CBM 203 Extra"]
[Source "ChessBase"]
[SourceDate "2021.09.30"]
[SourceVersion "1"]
[SourceVersionDate "2021.09.30"]
[SourceQuality "1"]

1. c4 d5 2. cxd5 Qxd5 3. Nc3 Qd8 4. d4 e6 5. Nf3 c6 6. Bf4 Bd6 7. Bxd6 Qxd6 8. e4 Nd7 9. Qb3 Ne7 10. Be2 h6 11. 0-0 0-0 12. Rfd1 Nb6 13. a4 Rd8 14. a5 Nd7 15. Qc2 Qc7 16. b4 a6 17. Rac1 Qb8 18. Bc4 Nf6 19. h3 Ng6 20. Qa2 Ne7 21. Rd2 Qf4 22. Qc2 g5 23. Ne5 g4 24. g3 Qg5 25. h4 Qg7 26. f3 h5 27. Rf1 Nd7 28. f4 Nf6 29. Rfd1 Ra7 30. Be2 Kf8 31. Nc4 Bd7 32. Qd3 Be8 33. Qe3 Raa8 34. Nb6 Rab8 35. Bc4 Kg8 36. d5 cxd5 37. exd5 Nf5 38. Qe1 exd5 39. Ncxd5 Bc6 40. Ne7+ Nxe7 41. Rxd8+ Rxd8 42. Rxd8+ Kh7 43. Qxe7 Ng8 1-0

[Event "Piestany Slovakia op"]
[White "Sahidi, Shabir"]
[Black "Orvisky, Vladimir"]
[Site "Piestany"]
[Round "8"]
[Result "1-0"]
[Date "2021.07.17"]
[WhiteElo "1159"]
[BlackElo "1696"]
[PlyCount "127"]
[EventDate "2021.07.10"]
[EventType "swiss"]
[EventRounds "9"]
[EventCountry "SVK"]
[SourceTitle "CBM 203 Extra"]
[Source "ChessBase"]
[SourceDate "2021.09.30"]
[SourceVersion "1"]
[SourceVersionDate "2021.09.30"]
[SourceQuality "1"]

1. d4 d5 2. Nf3 Nf6 3. Bf4 Bf5 4. e3 e6 5. c4 c6 6. Qb3 Qb6 7. c5 Qxb3 8. axb3 a5 9. Nc3 Nbd7 10. b4 b6 11. Bc7 bxc5 12. bxc5 Be7 13. Rxa5 Rxa5 14. Bxa5 0-0 15. Be2 Ra8 16. b4 Ne4 17. Nxe4 Bxe4 18. 0-0 f6 19. Nd2 Bg6 20. Nb1 Be8 21. Nc3 Nb8 22. Na4 Nd7 23. f4 e5 24. Bg4 Bd8 25. Bxd8 Rxd8 26. Bxd7 Bxd7 27. fxe5 fxe5 28. dxe5 Re8 29. Nb6 Bg4 30. h3 Be2 31. Rf2 Bd3 32. Nd7 h6 33. Ra2 Kf7 34. Nb6 Rxe5 35. Ra7+ Kg6 36. Kf2 Rf5+ 37. Kg1 Rf1+ 38. Kh2 Rb1 39. Nd7 Bb5 40. Ne5+ Kf5 41. Nf7 Kf6 42. Nd8 Rxb4 43. Nxc6 Rc4 44. Nd4 Rxc5 45. Ra5 Rc3 46. Rxb5 Ke5 47. Nf3+ Kd6 48. Rb7 g5 49. Rb6+ Kc5 50. Rxh6 Rxe3 51. Rg6 d4 52. Rxg5+ Kc4 53. Rg4 Kc5 54. Nxd4 Rd3 55. Ne6+ Kc6 56. Rd4 Re3 57. Nf4 Kc5 58. Rd8 Kc6 59. h4 Re4 60. Kg3 Kc7 61. Rd2 Re8 62. h5 Rg8+ 63. Kh4 Rf8 64. Ne6+ 1-0

[Event "SVK-chT4 A21 1920"]
[White "Orvisky, Vladimir"]
[Black "Oruzinsky, Juraj"]
[Site "Slovakia"]
[Round "11.5"]
[Result "1/2-1/2"]
[Date "2020.06.14"]
[WhiteElo "1693"]
[BlackElo "1247"]
[PlyCount "115"]
[EventDate "2019.10.13"]
[EventType "team-tourn"]
[EventRounds "11"]
[EventCountry "SVK"]
[SourceTitle "EXT 2022"]
[Source "ChessBase"]
[SourceDate "2021.10.06"]
[SourceVersion "1"]
[SourceVersionDate "2021.10.06"]
[SourceQuality "1"]
[WhiteTeam "Piestany Kupele III"]
[BlackTeam "Vrbove II"]
[WhiteTeamCountry "SVK"]
[BlackTeamCountry "SVK"]

1. c4 e5 2. Nc3 Nc6 3. Nf3 Nf6 4. g3 d6 5. Bg2 Be6 6. d3 Be7 7. Ng5 0-0 8. 0-0 h6 9. Nxe6 fxe6 10. Qb3 Rb8 11. e3 Qd7 12. f4 Kh8 13. Bd2 exf4 14. Rxf4 d5 15. cxd5 exd5 16. d4 Na5 17. Qc2 Nc4 18. Bf1 c6 19. Qg6 Qe8 20. Qd3 Bd6 21. Rf5 Bc7 22. Qe2 Qg6 23. Rf3 Nd6 24. Bh3 Bb6 25. Qd1 Rbd8 26. b3 Qh5 27. Bg2 Nde4 28. Nxe4 dxe4 29. Rf4 Qxd1+ 30. Rxd1 Nd5 31. Rf2 Rf6 32. Bxe4 Rxf2 33. Kxf2 Nc3 34. Bc2 Nxd1+ 35. Bxd1 c5 36. Bf3 cxd4 37. exd4 Rxd4 38. Ke2 Rd7 39. g4 Re7+ 40. Kd3 Re1 41. Bf4 Rf1 42. Ke4 Ra1 43. Kd3 Rxa2 44. Bxb7 Bg1 45. h4 Bb6 46. h5 Ra1 47. Bd5 Rd1+ 48. Ke4 Rd4+ 49. Ke5 Rb4 50. Kf5 Rd4 51. Ke5 Rb4 52. Kf5 Rd4 53. Ke5 Rd1 54. Be6 Re1+ 55. Kd6 Rf1 56. Ke5 Rb1 57. Ke4 Re1+ 58. Kf5 1/2-1/2

[Event "SVK-ch op"]
[White "Bemak, Mikhail"]
[Black "Orvisky, Vladimir"]
[Site "Ruzomberok"]
[Round "4"]
[Result "1-0"]
[Date "2019.07.02"]
[WhiteElo "2102"]
[BlackElo "1719"]
[PlyCount "79"]
[EventDate "2019.06.29"]
[EventType "swiss"]
[EventRounds "9"]
[EventCountry "SVK"]
[SourceTitle "CBM 191 Extra"]
[Source "ChessBase"]
[SourceDate "2019.09.30"]
[SourceVersion "1"]
[SourceVersionDate "2019.09.30"]
[SourceQuality "1"]

1. d4 d5 2. c4 c6 3. Nf3 Nf6 4. Nc3 e6 5. e3 Be7 6. Bd3 Nbd7 7. 0-0 0-0 8. b3 b6 9. Qe2 Bb7 10. Bb2 Rc8 11. Rac1 c5 12. Rfd1 Re8 13. Ne5 Ne4 14. Bxe4 cxd4 15. Bxh7+ Kxh7 16. Qh5+ Kg8 17. Qxf7+ Kh7 18. Qg6+ Kg8 19. Qxe6+ Kh7 20. Qg6+ Kg8 21. exd4 dxc4 22. Qe6+ Kh7 23. Qxd7 cxb3 24. Qf5+ Kg8 25. Qf7+ Kh7 26. axb3 Rf8 27. Qg6+ Kg8 28. Qe6+ Kh7 29. Rd3 Bh4 30. Qg6+ Kg8 31. Ng4 Qe7 32. d5 Qc5 33. g3 Rf6 34. Nxf6+ Bxf6 35. Ne4 Qxc1+ 36. Bxc1 Rxc1+ 37. Kg2 Bb2 38. Ng5 Bxd5+ 39. Rxd5 Rc8 40. Qe6+ 1-0

[Event "SVK-chT4 A21 1819"]
[White "Orvisky, Vladimir"]
[Black "Piestansky, Jan"]
[Site "Slovakia"]
[Round "5.2"]
[Result "1/2-1/2"]
[Date "2018.12.16"]
[WhiteElo "1744"]
[BlackElo "1642"]
[PlyCount "109"]
[EventDate "2018.10.14"]
[EventType "team-tourn"]
[EventRounds "11"]
[EventCountry "SVK"]
[SourceTitle "CBM 189 Extra"]
[Source "ChessBase"]
[SourceDate "2019.05.31"]
[SourceVersion "1"]
[SourceVersionDate "2019.05.31"]
[SourceQuality "1"]
[WhiteTeam "Piestany Kupele III"]
[BlackTeam "Chtelnica Kamenar"]
[WhiteTeamCountry "SVK"]
[BlackTeamCountry "SVK"]

1. c4 e5 2. Nc3 d6 3. Nf3 Nf6 4. g3 Be7 5. Bg2 Nc6 6. d4 exd4 7. Nxd4 Nxd4 8. Qxd4 c6 9. 0-0 0-0 10. Bf4 h6 11. Rfd1 Ne8 12. Ne4 Be6 13. b3 d5 14. Nc3 dxc4 15. Qe3 Qa5 16. Be5 Bf6 17. Bd4 Bxd4 18. Rxd4 cxb3 19. axb3 Qc7 20. Rda4 a6 21. Rc1 Nf6 22. b4 Rfe8 23. Qc5 Nd7 24. Raa1 Red8 25. Qd4 Qb6 26. Qxb6 Nxb6 27. e3 Nd5 28. Nxd5 Bxd5 29. Bf1 Bf3 30. Bg2 Bxg2 31. Kxg2 Rd2 32. Rd1 Rad8 33. Rxd2 Rxd2 34. Rb1 f5 35. Kf3 Kf7 36. h3 g5 37. g4 fxg4+ 38. hxg4 Kf6 39. Rb3 Ke5 40. Rc3 Rd5 41. Rc4 Rb5 42. Re4+ Kf6 43. Rc4 a5 44. bxa5 Rxa5 45. Ke4 Ra2 46. f4 gxf4 47. exf4 c5 48. Kd5 b6 49. f5 Rb2 50. Re4 Rd2+ 51. Kc6 Rd4 52. Re6+ Kg5 53. Rg6+ Kf4 54. Rxh6 Rd8 55. Kxb6 1/2-1/2

[Event "SVK-chT4 A21 1617"]
[White "Orvisky, Vladimir"]
[Black "Musaev, Urmat"]
[Site "Slovakia"]
[Round "11.2"]
[Result "0-1"]
[Date "2017.03.12"]
[WhiteElo "1772"]
[BlackElo "1788"]
[PlyCount "66"]
[EventDate "2016.10.09"]
[EventType "team-tourn"]
[EventRounds "11"]
[EventCountry "SVK"]
[SourceTitle "EXT 2020"]
[Source "ChessBase"]
[SourceDate "2019.10.17"]
[SourceVersion "1"]
[SourceVersionDate "2019.10.17"]
[SourceQuality "1"]
[WhiteTeam "Vrbove II"]
[BlackTeam "Piestany Kupele II"]
[WhiteTeamCountry "SVK"]
[BlackTeamCountry "SVK"]

1. c4 e5 2. Nc3 Nf6 3. Nf3 Nc6 4. g3 g6 5. Bg2 Bg7 6. d3 0-0 7. 0-0 d6 8. Bd2 Re8 9. Qc1 e4 10. Ng5 exd3 11. exd3 Ne5 12. Qc2 Bf5 13. Nge4 c6 14. f4 Ned7 15. Nxd6 Qb6+ 16. Kh1 Ng4 17. Nxe8 Rxe8 18. Nd1 Nc5 19. Rf3 Re2 20. h3 Nf2+ 21. Nxf2 Rxf2 22. Rf1 Nxd3 23. Be3 Rxc2 24. Bxb6 axb6 25. g4 Be4 26. Rg3 Bxg2+ 27. Rxg2 Rxg2 28. Kxg2 Nxb2 29. Rc1 Nd3 30. Rf1 Kf8 31. Kf3 Ke7 32. Rb1 Nb2 33. Rc1 Kd6 0-1

[Event "SVK-chT4 A21 1516"]
[White "Orvisky, Vladimir"]
[Black "Vagovic, Milan"]
[Site "Slovakia"]
[Round "6.5"]
[Result "0-1"]
[Date "2016.01.10"]
[WhiteElo "1789"]
[BlackElo "1607"]
[PlyCount "124"]
[EventDate "2015.10.04"]
[EventType "team-tourn"]
[EventRounds "11"]
[EventCountry "SVK"]
[SourceTitle "CBM 170 Extra"]
[Source "ChessBase"]
[SourceDate "2016.02.25"]
[SourceVersion "1"]
[SourceVersionDate "2016.02.25"]
[SourceQuality "1"]
[WhiteTeam "Vrbove II"]
[BlackTeam "Chtelnica Kamenar"]
[WhiteTeamCountry "SVK"]
[BlackTeamCountry "SVK"]

1. c4 c5 2. Nf3 Nc6 3. g3 Nf6 4. Bg2 e6 5. d4 cxd4 6. Nxd4 Qb6 7. Nb3 Be7 8. 0-0 0-0 9. Be3 Qc7 10. Nc3 a6 11. Rc1 Ng4 12. Bd2 d6 13. Nd5 Qd8 14. Nxe7+ Qxe7 15. h3 Nf6 16. Be3 Nd7 17. Nd4 Nd8 18. Nb3 Re8 19. Qd2 Rb8 20. Rfd1 Nc5 21. Qxd6 Qxd6 22. Rxd6 Nxb3 23. axb3 e5 24. Rcd1 Be6 25. Bb6 Nc6 26. Bxc6 bxc6 27. Rxc6 g6 28. Bc7 Rbc8 29. Rdd6 Bxh3 30. Bb6 Bf5 31. Rxc8 Rxc8 32. Rd8+ Rxd8 33. Bxd8 Kf8 34. Bf6 e4 35. Kf1 Ke8 36. Ke1 Kd7 37. Kd2 h5 38. Kc3 Ke6 39. Kb4 Kxf6 40. Ka5 Bc8 41. Kb6 g5 42. Kc7 Bg4 43. b4 Bxe2 44. c5 h4 45. gxh4 gxh4 46. Kb6 Ke7 47. c6 h3 48. c7 Bg4 49. Kxa6 Bc8+ 50. Ka7 h2 51. Kb8 Kd7 52. Ka7 h1Q 53. Kb6 Qh6+ 54. Kc5 Kxc7 55. b5 Qb6+ 56. Kc4 Be6+ 57. Kb4 Bd7 58. f3 e3 59. f4 e2 60. Ka3 e1Q 61. f5 Qxb5 62. f6 Qea5# 0-1